00768nam a2200193 a 4500003000200000005001700002008004100019050003400060100003700094245009200131260009400223300004000317504004100357650001700398650003900415650003800454650003900492650004300531020250407102034.0050809s19uu xx 00 eng d aPGS GV 1114.7.T34b.P195 2005 aPanopio, Ma. Angela Katrina D.C. aPerceptions of lower school students on Tae Kwon Do /cMa. Angela Katrina D.C. Panopio. aLas Piñas City, Philippines : bSouthville International School and Colleges, c2005. a25 pages :billustrations ;c28 cm. aIncludes bibliographical references. aTaekwondo.  aPhysical education for children.  aMartial artsvStudy and teaching. aPhysical education and training.  aElementary school studentsvAttitudes.